Văn kiện đại hội Đảng thời kỳ đổi mới và hội nhập (Đại hội VI, VII. VIII, IX)
Gồm các báo cáo chính trị, cương lĩnh, chiến lược và phương hướng nhiệm vụ của ban chấp hành Trung ương Đảng trình tại các đại hội và hội nghị toàn quốc của Đảng từ năm 1986 đến nay
Zapisane w:
| Korporacja: | |
|---|---|
| Format: | Książka |
| Język: | Undetermined |
| Wydane: |
Hà Nội
Chính trị Quốc gia
2008
|
| Hasła przedmiotowe: | |
| Etykiety: |
Dodaj etykietę
Nie ma etykietki, Dołącz pierwszą etykiete!
|
| Thư viện lưu trữ: | Trung tâm Học liệu Trường Đại học Cần Thơ |
|---|
| LEADER | 01104nam a2200253Ia 4500 | ||
|---|---|---|---|
| 001 | CTU_148361 | ||
| 008 | 210402s9999 xx 000 0 und d | ||
| 020 | |c 98000 | ||
| 082 | |a 324.2597071 | ||
| 082 | |b Đ106 | ||
| 110 | |a Đảng Cộng Sản Việt Nam | ||
| 245 | 0 | |a Văn kiện đại hội Đảng thời kỳ đổi mới và hội nhập | |
| 245 | 0 | |b (Đại hội VI, VII. VIII, IX) | |
| 245 | 0 | |c Đảng Cộng Sản Việt Nam | |
| 260 | |a Hà Nội | ||
| 260 | |b Chính trị Quốc gia | ||
| 260 | |c 2008 | ||
| 520 | |a Gồm các báo cáo chính trị, cương lĩnh, chiến lược và phương hướng nhiệm vụ của ban chấp hành Trung ương Đảng trình tại các đại hội và hội nghị toàn quốc của Đảng từ năm 1986 đến nay | ||
| 526 | |a Chủ nghĩa xã hội khoa học | ||
| 526 | |b ML018 | ||
| 650 | |a Communists,Đảng Cộng sản Việt Nam | ||
| 650 | |z Vietnam | ||
| 904 | |i Nguyên | ||
| 980 | |a Trung tâm Học liệu Trường Đại học Cần Thơ | ||